=LDR 00000nam 2200000 4500 =001 INLIS000000000030647 =005 20130612132755 =008 ***********************************ind** =035 ##$$0010-061300000030647 =041 ##$$a ind =082 ##$$a 2x5.1 =090 ##$$a 2x5.1, Sya m =100 ##$$a Syammakh, Amir =245 ##$$a Menjadi pribdi penns cinta, kiat membentuk karakter muslim idaman, Amir Syammakh; penerjemah, Wahyudi,Lc.; editor, Wendy Febriangga =260 ##$$a 2008 $b Surakarta =300 ##$$a 244 hlm, 21 cm =650 ##$$a AKHLAK =850 ##$$a NBPNMAT